000 00351nam a2200145 i 4500
001 bg
100 1 _aBIEŃ, Zofia
245 0 _aO pewnej mierze złożoności języków regularnych /
_cZofia Bień.
260 _aWarszawa,
_c1981.
040 _cBPK
041 _apol
080 _a519.76
942 _cKS
008 s pl f |000 0 pol
999 _c21021
_d21021
856 _uhttp://koha.tu.koszalin.pl/cgi-bin/koha/opac-detail.pl?biblionumber=21021
_yKatalog online BPK